[Event "Skakligaen 2022-23"]
[Site "Denmark"]
[Date "2022.11.20"]
[Round "3.5"]
[White "Jacobsen, Mikkel Manosri"]
[Black "Hove, Esben Kjems"]
[Result "1-0"]
[WhiteElo "2267"]
[BlackElo "2305"]
[PlyCount "149"]
[EventDate "2022.10.29"]
[EventType "team-tourn"]
[EventRounds "9"]
[EventCountry "DEN"]
[SourceTitle "Holdskaksystemet"]
[WhiteTeam "BMS"]
[BlackTeam "Nordkalotten"]

1. d4 d5 2. Nf3 Nf6 3. Bf4 c6 4. e3 Bf5 5. c4 e6 6. Qb3 Qc8 7. Nc3 Nbd7 8. Nh4
Bg6 9. h3 Be7 10. Rc1 Nb6 11. Nxg6 hxg6 12. cxd5 Nbxd5 13. Bh2 O-O 14. Be2 Bd8
15. Bf3 Bc7 16. Bxc7 Qxc7 17. O-O Qb6 18. Qc2 Rfd8 19. a3 Rab8 20. Na4 Qc7 21.
b4 Qe7 22. Nc5 Nd7 23. Nd3 a5 24. Bxd5 cxd5 25. bxa5 Qxa3 26. Ra1 Qd6 27. Rfc1
Qa6 28. Qc3 Ra8 29. Ra3 Qa7 30. Qc7 Qb8 31. Rb3 Ra7 32. a6 b6 33. Qxb8 Nxb8 34.
Nb4 Kf8 35. Rbc3 Ra8 36. Rc8 Ke8 37. Rxd8+ Kxd8 38. Ra1 Ra7 39. f3 Kd7 40. Kf2
Nc6 41. Nc2 b5 42. e4 b4 43. Ke3 b3 44. Ne1 b2 45. Rb1 Rxa6 46. Rxb2 Ra3+ 47.
Nd3 Kc7 48. exd5 exd5 49. Rb5 f6 50. h4 Kd6 51. Rb7 Na5 52. Rxg7 Nc4+ 53. Ke2
Ra2+ 54. Ke1 Rxg2 55. Nf4 Rh2 56. Rxg6 Rxh4 57. Rxf6+ Kd7 58. Ke2 Nd6 59. Kd3
Nb5 60. Rf5 Kc6 61. Ke3 Nc7 62. Rf6+ Kd7 63. Ng6 Rh1 64. Ne5+ Ke7 65. Rf7+ Kd8
66. Rd7+ Kc8 67. Rd6 Re1+ 68. Kd2 Ra1 69. Nc6 Ra2+ 70. Ke3 Ra3+ 71. Kf4 Rd3 72.
Ne7+ Kb7 73. Nxd5 Rxd4+ 74. Ke5 Rd3 75. Ke4 1-0

[Event "Skakligaen 2022-23"]
[Site "Denmark"]
[Date "2022.11.20"]
[Round "3.6"]
[White "Schmidt, Kristen"]
[Black "Brorsen, Jacob Abildlund"]
[Result "1-0"]
[WhiteElo "2273"]
[BlackElo "2201"]
[PlyCount "63"]
[EventDate "2022.10.29"]
[EventType "team-tourn"]
[EventRounds "9"]
[EventCountry "DEN"]
[SourceTitle "Holdskaksystemet"]
[WhiteTeam "Nordkalotten"]
[BlackTeam "BMS"]

1. e4 e5 2. Nf3 Nc6 3. Bc4 Bc5 4. O-O Nf6 5. d4 Bxd4 6. Nxd4 Nxd4 7. Bg5 d6 8.
f4 Be6 9. Na3 Qe7 10. fxe5 dxe5 11. Bxf6 gxf6 12. c3 Bxc4 13. Nxc4 Ne6 14. b4
Rg8 15. Ne3 Nf4 16. Kh1 Rd8 17. Qc2 Qd7 18. Rad1 Qc6 19. Rxd8+ Kxd8 20. g3 Nh3
21. Qd3+ Ke8 22. Nd5 Rg6 23. Qf3 Ng5 24. Qf5 Kf8 25. h4 Rh6 26. Kg2 Ne6 27. Kh2
Qc4 28. Nxf6 Nf4 29. Rf2 Qxc3 30. Nd7+ Kg8 31. Nxe5 f6 32. Qxf4 1-0

[Event "Skakligaen 2022-23"]
[Site "Denmark"]
[Date "2022.11.20"]
[Round "3.7"]
[White "Vesterli, Michael E"]
[Black "Kristensen, Kaare Hove"]
[Result "1/2-1/2"]
[WhiteElo "2184"]
[BlackElo "2267"]
[PlyCount "140"]
[EventDate "2022.10.29"]
[EventType "team-tourn"]
[EventRounds "9"]
[EventCountry "DEN"]
[SourceTitle "Holdskaksystemet"]
[WhiteTeam "BMS"]
[BlackTeam "Nordkalotten"]

1. d4 Nf6 2. c4 e6 3. Nf3 d5 4. Nc3 c5 5. cxd5 cxd4 6. Qa4+ Bd7 7. Qxd4 exd5 8.
Nxd5 Qa5+ 9. Nc3 Nc6 10. Qd1 Ne4 11. Bd2 Nxd2 12. Nxd2 Bb4 13. Rc1 Bxc3 14.
Rxc3 Qxa2 15. Nc4 O-O-O 16. e3 Bf5 17. Qc1 Kb8 18. Be2 Qb1 19. Qxb1 Bxb1 20.
Bf3 Nb4 21. O-O Bd3 22. Ra1 Bxc4 23. Rxc4 Nd3 24. Rca4 a6 25. R4a3 Rhe8 26. Be2
Ne5 27. f4 Nc6 28. Bf3 Rd2 29. Rb3 Ka7 30. Rc1 Re6 31. Kf1 Na5 32. Rc7 Kb8 33.
Rbc3 Rb6 34. Rxf7 Rbxb2 35. Rc1 Nc4 36. e4 a5 37. e5 a4 38. e6 a3 39. e7 Nd6
40. Rf8+ Ka7 41. e8=Q Nxe8 42. Rxe8 a2 43. Ree1 Rf2+ 44. Kg1 Rxf3 45. gxf3 b5
46. Kf1 b4 47. Ra1 Rxh2 48. Kg1 Rb2 49. f5 Kb6 50. Rac1 b3 51. Rcd1 Kc5 52.
Re5+ Kb4 53. Re4+ Ka3 54. Ree1 Rc2 55. Re3 Kb4 56. Re4+ Ka3 57. Re3 Rd2 58.
Rxd2 a1=Q+ 59. Kf2 Kb4 60. Red3 Qf6 61. Rd4+ Kc5 62. Rd5+ Kc4 63. Rd7 Qxf5 64.
Rc7+ Kb4 65. Rxg7 Kc3 66. Re2 Qc5+ 67. Kf1 h5 68. Rgg2 Qd4 69. Rgf2 h4 70. f4
Qd3 1/2-1/2

[Event "Skakligaen 2022-23"]
[Site "Denmark"]
[Date "2022.11.20"]
[Round "3.8"]
[White "Jakobsen, Peter"]
[Black "Akdag, Dara Sevkan"]
[Result "1/2-1/2"]
[WhiteElo "2175"]
[BlackElo "2172"]
[PlyCount "160"]
[EventDate "2022.10.29"]
[EventType "team-tourn"]
[EventRounds "9"]
[EventCountry "DEN"]
[SourceTitle "Holdskaksystemet"]
[WhiteTeam "Nordkalotten"]
[BlackTeam "BMS"]

1. Nf3 Nf6 2. c4 g6 3. Nc3 Bg7 4. e4 d6 5. d4 O-O 6. Be2 a6 7. O-O Nbd7 8. Re1
c6 9. Bf1 b5 10. e5 Ne8 11. Bf4 Nb6 12. c5 dxc5 13. dxc5 Nd5 14. Nxd5 Qxd5 15.
Qxd5 cxd5 16. Nd4 Nc7 17. a4 b4 18. Nc6 Re8 19. Nxb4 Rb8 20. Bd2 f6 21. f4 fxe5
22. fxe5 Bf5 23. a5 Ne6 24. Rac1 Nd4 25. Nxa6 Rbc8 26. Bf4 Nb3 27. Rc3 Nxa5 28.
b4 Nc4 29. b5 Rf8 30. Bxc4 dxc4 31. Rxc4 Bd3 32. Rb4 Bxb5 33. Rxb5 Rxf4 34. Nb4
e6 35. c6 Bf8 36. Nd3 Rd4 37. Nf2 Rxc6 38. Ne4 Rb4 39. Ra5 Rb7 40. Ra8 Kg7 41.
h3 Rc2 42. Rea1 Bc5+ 43. Nxc5 Rxc5 44. R1a7 Rxa7 45. Rxa7+ Kh6 46. Kf2 Rxe5 47.
g4 g5 48. Kf3 Kg6 49. Ra8 Rb5 50. Rg8+ Kf6 51. Rf8+ Ke5 52. Rf7 Rb3+ 53. Kg2 h6
54. Rh7 Kf4 55. Rxh6 Rb2+ 56. Kf1 Rb1+ 57. Kf2 Rb2+ 58. Kf1 e5 59. h4 gxh4 60.
Rxh4 e4 61. g5+ Ke3 62. Rh3+ Kd4 63. g6 Rb1+ 64. Ke2 Rg1 65. Ra3 Rg2+ 66. Ke1
Rxg6 67. Rh3 Rf6 68. Ke2 Rc6 69. Kd2 Ra6 70. Ke1 Ra2 71. Rg3 Rc2 72. Kd1 Rf2
73. Ke1 Rf3 74. Rxf3 exf3 75. Kf2 Ke4 76. Kf1 Kf4 77. Kf2 Kg4 78. Kf1 Kg3 79.
Kg1 f2+ 80. Kf1 Kf3 1/2-1/2

[Event "Skakligaen 2022-23"]
[Site "Denmark"]
[Date "2022.11.20"]
[Round "3.1"]
[White "Bjerre, Jonas Buhl"]
[Black "Matthiesen, Martin"]
[Result "1-0"]
[WhiteElo "2612"]
[BlackElo "2328"]
[PlyCount "73"]
[EventDate "2022.10.29"]
[EventType "team-tourn"]
[EventRounds "9"]
[EventCountry "DEN"]
[SourceTitle "Holdskaksystemet"]
[WhiteTeam "Skanderborg"]
[BlackTeam "SK1968"]

1. e4 e5 2. Nf3 Nc6 3. Bb5 Nf6 4. d3 Bc5 5. c3 O-O 6. O-O Re8 7. Bg5 h6 8. Bh4
a6 9. Ba4 Ba7 10. Nbd2 d6 11. Re1 Bd7 12. Nf1 g5 13. Nxg5 hxg5 14. Bxg5 Nxe4
15. Bxd8 Nxf2 16. Qf3 Nh3+ 17. Kh1 Nf2+ 18. Qxf2 Bxf2 19. Re2 Raxd8 20. Rxf2 f5
21. Ne3 Ne7 22. Bxd7 Rxd7 23. Nxf5 Nxf5 24. Rxf5 d5 25. Kg1 d4 26. Rf3 dxc3 27.
bxc3 e4 28. Rg3+ Kh8 29. Re1 Re5 30. d4 Rb5 31. Rxe4 Rb2 32. a4 Ra2 33. d5 Rd2
34. c4 b6 35. Rh4+ Rh7 36. Rxh7+ Kxh7 37. Re3 1-0

[Event "Skakligaen 2022-23"]
[Site "Denmark"]
[Date "2022.11.20"]
[Round "3.2"]
[White "Ramsdal, Jens Albert"]
[Black "Andersen, Mads"]
[Result "1/2-1/2"]
[WhiteElo "2318"]
[BlackElo "2604"]
[PlyCount "48"]
[EventDate "2022.10.29"]
[EventType "team-tourn"]
[EventRounds "9"]
[EventCountry "DEN"]
[SourceTitle "Holdskaksystemet"]
[WhiteTeam "SK1968"]
[BlackTeam "Skanderborg"]

1. d4 d5 2. c4 c6 3. cxd5 cxd5 4. Nc3 Nf6 5. Bf4 Nc6 6. e3 a6 7. Bd3 Bg4 8.
Nge2 e6 9. O-O Bd6 10. Bxd6 Qxd6 11. h3 Bh5 12. Qd2 Bg6 13. Nf4 O-O 14. Bxg6
hxg6 15. Nd3 Rac8 16. Rfc1 Rc7 17. Na4 Rfc8 18. Nac5 Ne4 19. Qe1 e5 20. dxe5
Nxe5 21. Nxe4 dxe4 22. Rxc7 Rxc7 23. Nxe5 Qxe5 24. Rc1 Rxc1 1/2-1/2

[Event "Skakligaen 2022-23"]
[Site "Denmark"]
[Date "2022.11.20"]
[Round "3.3"]
[White "Olsen, Filip Boe"]
[Black "Bank, Pelle Rodkjaer"]
[Result "1-0"]
[WhiteElo "2433"]
[BlackElo "2291"]
[PlyCount "83"]
[EventDate "2022.10.29"]
[EventType "team-tourn"]
[EventRounds "9"]
[EventCountry "DEN"]
[SourceTitle "Holdskaksystemet"]
[WhiteTeam "Skanderborg"]
[BlackTeam "SK1968"]

1. d4 Nf6 2. c4 c5 3. d5 e6 4. Nc3 exd5 5. cxd5 d6 6. Nf3 g6 7. Bf4 a6 8. a4
Bg7 9. e3 O-O 10. Be2 Re8 11. Nd2 Nfd7 12. Bxd6 Nb6 13. Bg3 Nxd5 14. Nxd5 Qxd5
15. Nc4 Qe6 16. O-O Nd7 17. Nd6 Rf8 18. Bg4 f5 19. Bf3 Nf6 20. Nxb7 Bxb7 21.
Bxb7 Ra7 22. Bf3 Ne4 23. Bxe4 Qxe4 24. Rc1 c4 25. Qc2 Rc8 26. Qe2 c3 27. bxc3
Qxa4 28. c4 a5 29. c5 Qb3 30. c6 a4 31. Rb1 Qe6 32. Rb7 Raa8 33. Qb5 Qxc6 34.
Qb4 a3 35. Rxg7+ Kxg7 36. Qe7+ Kg8 37. Be5 Rc7 38. Bxc7 Re8 39. Qd6 Qc4 40. Qd7
Re6 41. Qd8+ Kf7 42. Bd6 1-0

[Event "Skakligaen 2022-23"]
[Site "Denmark"]
[Date "2022.11.20"]
[Round "3.4"]
[White "Lindfeldt, Magnus"]
[Black "Pajeken, Jakob Leon"]
[Result "0-1"]
[WhiteElo "2261"]
[BlackElo "2458"]
[PlyCount "90"]
[EventDate "2022.10.29"]
[EventType "team-tourn"]
[EventRounds "9"]
[EventCountry "DEN"]
[SourceTitle "Holdskaksystemet"]
[WhiteTeam "SK1968"]
[BlackTeam "Skanderborg"]

1. e4 e5 2. Nf3 Nc6 3. Bc4 Bc5 4. c3 Nf6 5. d3 a6 6. a4 O-O 7. O-O d6 8. Bg5 h6
9. Bh4 Ba7 10. Nbd2 Be6 11. Re1 Qe7 12. b4 Bxc4 13. Nxc4 Qe6 14. b5 Nb8 15. Ne3
Bxe3 16. fxe3 Nbd7 17. c4 g5 18. Bg3 Nc5 19. Qc2 Nh5 20. d4 Nd7 21. c5 Nxg3 22.
hxg3 dxc5 23. dxc5 Nf6 24. Rad1 axb5 25. axb5 Ra2 26. Qb1 Rfa8 27. b6 c6 28.
Rf1 Ng4 29. Qd3 R2a3 30. Qd7 Nxe3 31. Qxb7 Nxd1 32. Rxd1 Ra1 33. Rxa1 Rxa1+ 34.
Kh2 Qg4 35. Qb8+ Kh7 36. Qxe5 Qh5+ 37. Nh4 Qd1 38. Qf5+ Kh8 39. Qe5+ Kh7 40.
Qf5+ Kg8 41. Qc8+ Kg7 42. Nf5+ Kh7 43. g4 Qg1+ 44. Kh3 Ra3+ 45. Ng3 Qh1# 0-1

[Event "Skakligaen 2022-23"]
[Site "Denmark"]
[Date "2022.11.20"]
[Round "3.5"]
[White "Pedersen, Nicolai Vesterbaek"]
[Black "Hansen, Lars"]
[Result "1-0"]
[WhiteElo "2367"]
[BlackElo "2259"]
[PlyCount "67"]
[EventDate "2022.10.29"]
[EventType "team-tourn"]
[EventRounds "9"]
[EventCountry "DEN"]
[SourceTitle "Holdskaksystemet"]
[WhiteTeam "Skanderborg"]
[BlackTeam "SK1968"]

1. Nf3 Nf6 2. c4 b6 3. g3 Bb7 4. Bg2 e6 5. O-O Be7 6. d4 O-O 7. Nc3 Ne4 8. Bd2
d6 9. b4 Nxd2 10. Qxd2 c5 11. bxc5 dxc5 12. d5 exd5 13. Nxd5 Nc6 14. Rad1 Qb8
15. Qc2 Re8 16. Qf5 h6 17. Qh5 Bf8 18. e4 Re6 19. Rfe1 g6 20. Qh4 Bg7 21. Bh3
Ne5 22. Nxe5 Rxe5 23. f4 Rh5 24. Qg4 Kh8 25. e5 Bc8 26. Qxc8+ Qxc8 27. Bxc8
Rxc8 28. Kg2 g5 29. g4 Rh4 30. Kg3 h5 31. h3 hxg4 32. hxg4 Rc6 33. fxg5 Rh7 34.
Ne7 1-0

[Event "Skakligaen 2022-23"]
[Site "Denmark"]
[Date "2022.11.20"]
[Round "3.6"]
[White "Lauridsen, Jesper Morch"]
[Black "Brondt, Nicolai Kvist"]
[Result "1-0"]
[WhiteElo "2221"]
[BlackElo "2248"]
[PlyCount "61"]
[EventDate "2022.10.29"]
[EventType "team-tourn"]
[EventRounds "9"]
[EventCountry "DEN"]
[SourceTitle "Holdskaksystemet"]
[WhiteTeam "SK1968"]
[BlackTeam "Skanderborg"]

1. e4 c5 2. Nf3 e6 3. d4 cxd4 4. Nxd4 Nc6 5. Nc3 Qc7 6. Be3 a6 7. Be2 b5 8. a3
Bb7 9. O-O Nf6 10. f4 Bc5 11. Qd3 Qb6 12. Rad1 d5 13. exd5 Nxd4 14. Bxd4 Nxd5
15. Nxb5 O-O 16. Bxc5 Qxc5+ 17. Nd4 a5 18. Kh1 Rab8 19. Qg3 Nf6 20. Bd3 Bd5 21.
b3 Qxa3 22. f5 Qb4 23. fxe6 Bxe6 24. Rxf6 Rfd8 25. Nxe6 fxe6 26. Rxe6 Rbc8 27.
Rde1 Qd4 28. Qh3 g6 29. Re7 h5 30. Qe6+ Kh8 31. Qf7 1-0

[Event "Skakligaen 2022-23"]
[Site "Denmark"]
[Date "2022.11.20"]
[Round "3.7"]
[White "Berg, Klaus"]
[Black "Pedersen, Gunnar"]
[Result "1-0"]
[WhiteElo "2278"]
[BlackElo "2221"]
[PlyCount "101"]
[EventDate "2022.10.29"]
[EventType "team-tourn"]
[EventRounds "9"]
[EventCountry "DEN"]
[SourceTitle "Holdskaksystemet"]
[WhiteTeam "Skanderborg"]
[BlackTeam "SK1968"]

1. c4 e5 2. Nc3 Nc6 3. e3 Bb4 4. Nd5 Nf6 5. a3 Bd6 6. Ne2 Nxd5 7. cxd5 Ne7 8.
Nc3 O-O 9. g3 a6 10. Bg2 Bc5 11. d4 exd4 12. exd4 Ba7 13. d6 Nf5 14. dxc7 Re8+
15. Be4 Qxc7 16. O-O d6 17. Qd3 Nxd4 18. Be3 Ne6 19. Bxa7 Rxa7 20. Bxh7+ Kh8
21. Rfe1 Bd7 22. Bf5 Raa8 23. Rad1 Nc5 24. Qf3 Bxf5 25. Qxf5 Kg8 26. Nd5 Qd8
27. Nf4 Rxe1+ 28. Rxe1 Qd7 29. Qxd7 Nxd7 30. Rd1 Ne5 31. Rxd6 Nc4 32. Rd4 b5
33. Nd3 Re8 34. a4 Re2 35. b3 Na3 36. Nc5 bxa4 37. Rxa4 Nb5 38. Rxa6 Rc2 39. b4
Rc4 40. Ra8+ Kh7 41. Na6 g5 42. h3 f5 43. Rb8 Rc1+ 44. Kg2 Nd4 45. Rd8 Nc2 46.
Kf3 Rb1 47. h4 gxh4 48. gxh4 Rb2 49. Rd2 Rb3+ 50. Kg2 Nxb4 51. Rd7+ 1-0

[Event "Skakligaen 2022-23"]
[Site "Denmark"]
[Date "2022.11.20"]
[Round "3.8"]
[White "Nielsen, Soren Holst"]
[Black "Munk, Kai S"]
[Result "1-0"]
[WhiteElo "2163"]
[BlackElo "1937"]
[PlyCount "89"]
[EventDate "2022.10.29"]
[EventType "team-tourn"]
[EventRounds "9"]
[EventCountry "DEN"]
[SourceTitle "Holdskaksystemet"]
[WhiteTeam "SK1968"]
[BlackTeam "Skanderborg"]

1. e4 c5 2. Nf3 d6 3. g3 Nf6 4. d3 Nc6 5. Bg2 Bg4 6. h3 Bxf3 7. Qxf3 e6 8. O-O
Be7 9. c3 Qc7 10. Re1 O-O 11. Bf4 Rad8 12. Qe2 Nd7 13. Nd2 b5 14. Rac1 Qb6 15.
Be3 a5 16. f4 Bf6 17. Qf2 Rc8 18. Nf3 b4 19. g4 g6 20. g5 Bg7 21. h4 bxc3 22.
bxc3 Qb5 23. Bf1 Qa4 24. Bh3 Rfe8 25. h5 Qa3 26. hxg6 hxg6 27. Nd2 Bxc3 28. Rf1
Bg7 29. Nc4 Qxd3 30. Rfd1 Qxe4 31. Bg2 Qf5 32. Nxd6 Qg4 33. Nxc8 Nd4 34. Bxd4
Bxd4 35. Rxd4 cxd4 36. Nd6 Rd8 37. Qxd4 e5 38. Qd5 Qxf4 39. Rf1 Qe3+ 40. Kh2
Qxg5 41. Qxf7+ Kh8 42. Ne8 Qh6+ 43. Kg1 Qe3+ 44. Rf2 Qc1+ 45. Bf1 1-0

[Event "Skakligaen 2022-23"]
[Site "Denmark"]
[Date "2022.11.20"]
[Round "3.1"]
[White "Petersen, Tom Petri"]
[Black "Ochsner, Bjorn Moller"]
[Result "0-1"]
[WhiteElo "2300"]
[BlackElo "2504"]
[PlyCount "48"]
[EventDate "2022.10.29"]
[EventType "team-tourn"]
[EventRounds "9"]
[EventCountry "DEN"]
[SourceTitle "AarhusSkolerne"]
[WhiteTeam "Nordre"]
[BlackTeam "AarhusSkolerne"]

1. Nf3 c5 2. g3 Nc6 3. Bg2 g6 4. O-O Bg7 5. c4 e6 6. Nc3 Nge7 7. e4 O-O 8. d3
d6 9. a3 b6 10. Rb1 Bb7 11. Bf4 h6 12. Qc1 Kh7 13. b4 Qd7 14. Ne2 Ne5 15. Qc2
Nxf3+ 16. Bxf3 Nc6 17. Bg2 Rac8 18. Qa4 Rfd8 19. Qb3 f5 20. Be3 Ne5 21. Rbc1
fxe4 22. dxe4 b5 23. cxb5 Qxb5 24. Nc3 Qc4 0-1

[Event "Skakligaen 2022-23"]
[Site "Denmark"]
[Date "2022.11.20"]
[Round "3.2"]
[White "Skytte, Rasmus"]
[Black "Veng, Johnni"]
[Result "1-0"]
[WhiteElo "2354"]
[BlackElo "2214"]
[PlyCount "59"]
[EventDate "2022.10.29"]
[EventType "team-tourn"]
[EventRounds "9"]
[EventCountry "DEN"]
[SourceTitle "AarhusSkolerne"]
[WhiteTeam "AarhusSkolerne"]
[BlackTeam "Nordre"]

1. e4 c5 2. Nf3 g6 3. Bc4 Bg7 4. O-O Nc6 5. c3 e6 6. d4 cxd4 7. Nxd4 a6 8. Nxc6
bxc6 9. Re1 d6 10. Na3 Ne7 11. Bb3 O-O 12. Bg5 f6 13. Bf4 d5 14. exd5 Nxd5 15.
Qf3 Kh8 16. Rad1 Bd7 17. Bd6 Re8 18. Nc4 a5 19. Bg3 a4 20. Nd6 Rf8 21. Bxd5
cxd5 22. c4 dxc4 23. Nxc4 e5 24. Qb7 Rf7 25. Nb6 Rb8 26. Qd5 Qxb6 27. Qxf7 Be6
28. Qe7 Bg4 29. Rd6 Qb4 30. Rd8+ 1-0

[Event "Skakligaen 2022-23"]
[Site "Denmark"]
[Date "2022.11.20"]
[Round "3.3"]
[White "Sloth, Jorn"]
[Black "Sorensen, Jan"]
[Result "1/2-1/2"]
[WhiteElo "2296"]
[BlackElo "2370"]
[PlyCount "21"]
[EventDate "2022.10.29"]
[EventType "team-tourn"]
[EventRounds "9"]
[EventCountry "DEN"]
[SourceTitle "AarhusSkolerne"]
[WhiteTeam "Nordre"]
[BlackTeam "AarhusSkolerne"]

1. c4 e5 2. e3 Nf6 3. Nf3 e4 4. Nd4 Nc6 5. d3 Nxd4 6. exd4 d5 7. Nc3 Be7 8.
dxe4 dxe4 9. Be2 O-O 10. Be3 Re8 11. h3 1/2-1/2

[Event "Skakligaen 2022-23"]
[Site "Denmark"]
[Date "2022.11.20"]
[Round "3.4"]
[White "Boe, Mads"]
[Black "Christensen, Jan Schleicher"]
[Result "1/2-1/2"]
[WhiteElo "2302"]
[BlackElo "2167"]
[PlyCount "31"]
[EventDate "2022.10.29"]
[EventType "team-tourn"]
[EventRounds "9"]
[EventCountry "DEN"]
[SourceTitle "AarhusSkolerne"]
[WhiteTeam "AarhusSkolerne"]
[BlackTeam "Nordre"]

1. e4 e5 2. Nf3 Nc6 3. Bb5 f5 4. d3 fxe4 5. dxe4 Nf6 6. O-O d6 7. Nc3 Be7 8.
Bc4 Bg4 9. Be3 Na5 10. Be2 Nc6 11. Nd2 Bxe2 12. Qxe2 O-O 13. Rad1 Qe8 14. f3
Qg6 15. Qc4+ Kh8 16. Nd5 1/2-1/2

[Event "Skakligaen 2022-23"]
[Site "Denmark"]
[Date "2022.11.20"]
[Round "3.5"]
[White "Andersen, Thomas Klitgaard"]
[Black "Heimisson, Hilmir Freyr"]
[Result "1/2-1/2"]
[WhiteElo "2137"]
[BlackElo "2293"]
[PlyCount "179"]
[EventDate "2022.10.29"]
[EventType "team-tourn"]
[EventRounds "9"]
[EventCountry "DEN"]
[SourceTitle "AarhusSkolerne"]
[WhiteTeam "Nordre"]
[BlackTeam "AarhusSkolerne"]

1. d4 Nf6 2. Bg5 d5 3. Bxf6 gxf6 4. e3 c5 5. dxc5 e6 6. c4 dxc4 7. Qxd8+ Kxd8
8. Bxc4 Bxc5 9. Nf3 Nc6 10. O-O Bd7 11. Nbd2 Ke7 12. Rac1 Bb6 13. Rfd1 Rhd8 14.
g3 Rac8 15. Be2 Be8 16. Nc4 Rxd1+ 17. Rxd1 Bc7 18. Rc1 Rd8 19. a3 Bb8 20. Kf1
Rc8 21. Na5 Rc7 22. Nxc6+ Bxc6 23. Ke1 Bd7 24. Rxc7 Bxc7 25. Nd4 a6 26. Bf3 Bc8
27. Kd2 f5 28. Ne2 Be5 29. Kc2 Bc7 30. Kd2 Bd8 31. Nc3 Kd6 32. Bh5 Ke7 33. Bf3
Kd6 34. Bh5 f6 35. Bf3 Ba5 36. Bg2 Bd8 37. Bf3 b5 38. b4 Bd7 39. Ne2 Bc8 40.
Bg2 Bb6 41. Nc3 Ba7 42. Kd3 e5 43. f4 Bb6 44. Kd2 Bd8 45. Bh3 Bd7 46. Bg2 Kc7
47. Nd5+ Kc8 48. Nc3 Kb8 49. Bh3 Kc7 50. Bg2 Kb6 51. Bh3 exf4 52. gxf4 a5 53.
Ne2 axb4 54. axb4 Kc6 55. Kd3 Be7 56. Kc3 Kd5 57. Bg2+ Kd6 58. Ng3 Bd8 59. Bh3
Bb6 60. Kd3 Be6 61. Bxf5 Bg8 62. Ne4+ Ke7 63. Nc3 Bc4+ 64. Kd2 Bc7 65. Ne4 h5
66. h4 Bf7 67. Ng3 Be8 68. Bc2 Bd8 69. Bd3 Kf8 70. Be2 f5 71. Nxf5 Bg6 72. Bd3
Bxf5 73. Bxf5 Be7 74. Kc3 Bxh4 75. Bd3 Be1+ 76. Kd4 h4 77. Kc5 Bd2 78. e4 Bxf4
79. Bf1 Ke7 80. Kxb5 Kd6 81. Ka6 Kc7 82. Bh3 Be5 83. Kb5 Kb7 84. Bf1 Bd6 85.
Kc4 Kb6 86. b5 Bg3 87. Kd5 h3 88. Bxh3 Kxb5 89. e5 Bxe5 90. Kxe5 1/2-1/2

[Event "Skakligaen 2022-23"]
[Site "Denmark"]
[Date "2022.11.20"]
[Round "3.6"]
[White "Baekgaard, Martin"]
[Black "Abildlund, Jens"]
[Result "1-0"]
[WhiteElo "2296"]
[BlackElo "2183"]
[PlyCount "65"]
[EventDate "2022.10.29"]
[EventType "team-tourn"]
[EventRounds "9"]
[EventCountry "DEN"]
[SourceTitle "AarhusSkolerne"]
[WhiteTeam "AarhusSkolerne"]
[BlackTeam "Nordre"]

1. d4 Nf6 2. Nf3 g6 3. c4 Bg7 4. Nc3 O-O 5. e4 d6 6. Be2 e5 7. O-O Nc6 8. d5
Ne7 9. b4 h6 10. a4 Ne8 11. c5 f5 12. Nd2 Kh7 13. Ba3 Ng8 14. b5 Ngf6 15. f3
Rf7 16. a5 Bf8 17. Nc4 f4 18. b6 axb6 19. axb6 cxb6 20. cxd6 Nd7 21. Nb5 Bg7
22. Qc2 Nc5 23. Bxc5 Rxa1 24. Rxa1 bxc5 25. Ra8 b6 26. Qa4 h5 27. Rb8 Rb7 28.
Qa8 Rxb8 29. Qxb8 Bf8 30. Qxb6 Qh4 31. Qa7+ Ng7 32. d7 Qe1+ 33. Bf1 1-0

[Event "Skakligaen 2022-23"]
[Site "Denmark"]
[Date "2022.11.20"]
[Round "3.7"]
[White "Hoiberg, Nina"]
[Black "Pedersen, Finn"]
[Result "1/2-1/2"]
[WhiteElo "2144"]
[BlackElo "2266"]
[PlyCount "169"]
[EventDate "2022.10.29"]
[EventType "team-tourn"]
[EventRounds "9"]
[EventCountry "DEN"]
[SourceTitle "AarhusSkolerne"]
[WhiteTeam "Nordre"]
[BlackTeam "AarhusSkolerne"]

1. e4 c6 2. d4 d5 3. exd5 cxd5 4. c4 Nf6 5. Nc3 e6 6. Nf3 Be7 7. c5 O-O 8. Bd3
b6 9. cxb6 Qxb6 10. O-O Ba6 11. a3 Bxd3 12. Qxd3 a5 13. Na4 Qb7 14. Bg5 Nbd7
15. Rfc1 h6 16. Bf4 Rfc8 17. h3 Ne4 18. Nd2 Nd6 19. Qg3 Nf5 20. Qd3 Bf6 21. Nb3
Qa7 22. Be3 Nd6 23. Nbc5 Rc6 24. Nxd7 Qxd7 25. Rxc6 Qxc6 26. Nc5 a4 27. b3 axb3
28. Qxb3 Qb5 29. Qd1 Nc4 30. a4 Qa5 31. Nd7 Qd8 32. Nxf6+ Qxf6 33. Qb3 Qd8 34.
Bf4 Ra7 35. Qb8 Qxb8 36. Bxb8 Rb7 37. Bf4 g5 38. Be3 Kf8 39. h4 f6 40. hxg5
hxg5 41. Kf1 Ke7 42. g4 Kd6 43. Ke2 Kc6 44. Rh1 Rb2+ 45. Kd3 Rb3+ 46. Ke2 Nb6
47. a5 Nd7 48. Rc1+ Kd6 49. a6 Rb2+ 50. Kd3 Ra2 51. Bd2 Nb8 52. f4 gxf4 53.
Bxf4+ e5 54. Bg3 Nxa6 55. g5 Nb4+ 56. Kc3 Nc6 57. dxe5+ fxe5 58. Rg1 Nd4 59. g6
Ra3+ 60. Kb2 Rb3+ 61. Ka2 Rb8 62. Re1 Nc6 63. Rf1 Rg8 64. Rf6+ Kc5 65. Re6 e4
66. Kb2 Nd8 67. Bf2+ Kc4 68. Ra6 Kd3 69. Rd6 e3 70. Bh4 Nb7 71. Rxd5+ Ke4 72.
Rd7 Nc5 73. Re7+ Kf3 74. g7 Ne4 75. Kc2 e2 76. Rf7+ Ke3 77. Be1 Rc8+ 78. Kb2
Rg8 79. Kc2 Nd6 80. Re7+ Kf3 81. Kd3 Nf5 82. Rf7 Kg4 83. Kxe2 Nxg7 84. Rf1 Re8+
85. Kd1 1/2-1/2

[Event "Skakligaen 2022-23"]
[Site "Denmark"]
[Date "2022.11.20"]
[Round "3.8"]
[White "Sobjerg, Erik"]
[Black "Holst, Per"]
[Result "1-0"]
[WhiteElo "2252"]
[BlackElo "2075"]
[PlyCount "89"]
[EventDate "2022.10.29"]
[EventType "team-tourn"]
[EventRounds "9"]
[EventCountry "DEN"]
[SourceTitle "AarhusSkolerne"]
[WhiteTeam "AarhusSkolerne"]
[BlackTeam "Nordre"]

1. e4 e6 2. d4 d5 3. Nc3 Bb4 4. e5 c5 5. a3 Bxc3+ 6. bxc3 Qc7 7. h4 b6 8. h5 h6
9. Qg4 f5 10. Qg3 Ba6 11. Bxa6 Nxa6 12. Ne2 Qf7 13. a4 Ne7 14. a5 b5 15. Rb1
Nc7 16. dxc5 Nc6 17. Nd4 Nxa5 18. c6 O-O 19. Ba3 Rfc8 20. Bd6 a6 21. Ra1 Nc4
22. f4 Nb6 23. Qd3 Na4 24. Kd2 Ne8 25. Ra2 Nb6 26. Bc5 Na4 27. Bd6 Nb6 28. Bc5
Na4 29. Bb4 Ra7 30. Ba5 Nc5 31. Qf3 Raa8 32. Rha1 g5 33. hxg6 Qxg6 34. Bb4 Ne4+
35. Ke3 Ra7 36. Rxa6 Rg7 37. Ra8 Rxa8 38. Rxa8 Kh7 39. Ne2 Nc7 40. Rc8 Qf7 41.
Rf8 Qg6 42. Rd8 Na6 43. Bf8 Rc7 44. Qh3 Rxc6 45. Bxh6 1-0

[Event "Skakligaen 2022-23"]
[Site "Denmark"]
[Date "2022.12.04"]
[Round "4.1"]
[White "Haubro, Martin"]
[Black "Thybo, Jesper Sondergaard"]
[Result "1-0"]
[WhiteElo "2398"]
[BlackElo "2498"]
[PlyCount "123"]
[EventDate "2022.10.29"]
[EventType "team-tourn"]
[EventRounds "9"]
[EventCountry "DEN"]
[SourceTitle "Live"]
[WhiteTeam "BMS"]
[BlackTeam "Koge"]

1. e4 e5 2. Nf3 Nc6 3. Bb5 Nf6 4. O-O Nxe4 5. Re1 Nd6 6. a4 Be7 7. Nc3 a6 8.
Bf1 e4 9. Nxe4 Nxe4 10. Rxe4 d5 11. Re1 O-O 12. d4 Bf5 13. c3 Bd6 14. a5 Ne7
15. Bg5 c6 16. Nh4 Be4 17. f3 Bg6 18. Nxg6 hxg6 19. b4 Re8 20. g3 Qc7 21. Qe2
Qd7 22. Qf2 Bc7 23. Ra2 Nf5 24. Bh3 Rxe1+ 25. Qxe1 Re8 26. Qf2 Qe6 27. Ra1 Qe2
28. Bf1 Qxf2+ 29. Kxf2 Nd6 30. Bd3 Nb5 31. Bd2 f5 32. h4 Kf7 33. Rh1 Nd6 34. h5
Rf8 35. hxg6+ Kxg6 36. Bf4 Nb5 37. Bxc7 Nxc7 38. g4 Nb5 39. Bxf5+ Kg5 40. Re1
g6 41. Bd3 Nxc3 42. Re6 Kf4 43. Rxg6 Nd1+ 44. Ke2 Nc3+ 45. Kd2 Nb5 46. Rg7 Nxd4
47. Rxb7 Nxf3+ 48. Kc1 c5 49. Bxa6 c4 50. Rc7 Ne5 51. Kb2 Ke3 52. Bb7 d4 53.
Re7 c3+ 54. Kb3 Kd2 55. Be4 Nc6 56. Rc7 Ne5 57. a6 Nxg4 58. a7 Ne3 59. Rd7 c2
60. Rxd4+ Ke1 61. Bxc2 Ra8 62. Rd7 1-0